000 00775nam a2200289Ia 4500
008 160803s9999 xx 000 0 und d
020 _a9780064409452
100 _aLewis, C.S
245 4 _aThe silver chair /
245 _cby C.S. Lewis ; illustrations by Pauline Baynes.
260 _aNew York :
260 _bScholastic Inc.
260 _c1953
300 _avii, 208 pages :
300 _billustrations ;
300 _c22 cm.
440 _aChronicles of Narnia.
440 _vBk. 6
650 _aChildren's stories, English.
650 _aFairy tales.
650 _aNarnia (Imaginary place)
650 _aNarnia (Imaginary place) --
650 _aVoyages, Imaginary --
650 _xFiction.
650 _xJuvenile fiction.
700 _a840
999 _c298085
_d298085